Pawi autonomous district council in Mizoram (Record no. 42268)

MARC details
000 -LEADER
fixed length control field 00381nam a2200133 4500
082 ## - DEWEY DECIMAL CLASSIFICATION NUMBER
Classification number 352.054166
Item number LAL
041 ## - LANGUAGE CODE
Language code of text/sound track or separate title Khasi
100 ## - MAIN ENTRY--PERSONAL NAME
Personal name Lalrammawii
245 ## - TITLE STATEMENT
Title Pawi autonomous district council in Mizoram
260 ## - PUBLICATION, DISTRIBUTION, ETC.
Place of publication, distribution, etc. Shillong
Name of publisher, distributor, etc. NEHU
Date of publication, distribution, etc. 1984
300 ## - PHYSICAL DESCRIPTION
Extent 74p.:tables;26cm.-
490 ## - SERIES STATEMENT
Series statement NEHU, Department of Philosophy : M.Phil. thesis, 1984
500 ## - GENERAL NOTE
General note Supervisor : S. Gabriel
Holdings
Withdrawn status Lost status Damaged status Not for loan Collection code Home library Current library Date acquired Total Checkouts Full call number Barcode Date last seen Price effective from Koha item type
        UNIV. PUB. & THESIS North Eastern Hill University North Eastern Hill University 24/11/2011   352.054166 LAL 101825 24/11/2011 24/11/2011 Books